000 00416nam a22001697a 4500
003 MPLRDC
005 20220104143145.0
008 210129b ||||| |||| 00| 0 eng d
020 _a7-5057-0637-3
082 _a857.9 WRA-17 v.2
100 _a温瑞安
245 _a惊艳一枪. 下
_c
260 _a
_b中国友谊出版公司
_c1993
300 _b
650 _a武侠小说
942 _cBK
_o857.9 WRA-17 v.2
999 _c37180
_d37170